Revue internationale du Travail

Detalles Bibliográficos
Formato: eBook
Lenguaje:inglés
Publicado: Hoboken: Wiley, 1999 -
Materias:
Acceso en línea:Acceso restringido

MARC

LEADER 00000nam a22000007a 4500
005 20210414212813.0
007 cr|||| ||||
008 210414c19999999ea ar|w s|||| 0|||b1eng d
022 |a 0378-5599 
035 |a 32930 
040 |a vLex 
090 |c 11449  |d 11449 
245 0 0 |a Revue internationale du Travail  |h [Recurso electrn̤ico] / 
256 |a Servicio en ln̕ea 
260 |a Hoboken:  |b Wiley,  |c 1999 - 
300 |a 1 recurso electrn̤ico 
310 |a Anual 
506 1 |a Disponible solo en los productos indicados  |d vLex Global  |d vLex Global (Academic Edition, excluding Law Schools)  |d vLex Global (U.S. Academic Edition, Law Schools)  |d vLex Global (U.S. Academic Edition, excluding Law Schools)  |d vLex Global (Academic Edition, Law Schools) 
650 0 4 |a Derecho Internacional  |z Estados Unidos 
650 0 4 |a Derecho Laboral y Seguridad Social  |z Estados Unidos 
740 0 |a vLex Revistas (Servicio en ln̕ea) 
856 4 0 |u https://vlex.com/source/32930  |z Acceso restringido 
942 |c REV 
999 0 |a International Law 
999 0 |a Labor Law and Social Security